El Ciclón socialista, 1982-1986 (Record no. 5500)

MARC details
000 -LEADER
campo de control de longitud fija 00946nam a2200277 i 4500
001 - NÚMERO DE CONTROL
campo de control 5500
003 - IDENTIFICADOR DE NÚMERO DE CONTROL
campo de control ES-MaACL
005 - FECHA Y HORA DE LA ÚLTIMA TRANSACCIÓN
campo de control 20230906144611.0
007 - CAMPO FIJO DE DESCRIPCIÓN FÍSICA--INFORMACIÓN GENERAL
campo de control de longitud fija t|
008 - DATOS DE LONGITUD FIJA--INFORMACIÓN GENERAL
campo de control de longitud fija 881020s1987 sp ||||1| spa d
020 ## - NÚMERO INTERNACIONAL ESTÁNDAR DEL LIBRO
Número Internacional Estándar del Libro 84-01-33338-5
080 ## - NÚMERO DE LA CLASIFICACIÓN DECIMAL UNIVERSAL
Número de la Clasificación Decimal Universal 32(46)"1982/1986"
100 1# - ENTRADA PRINCIPAL--NOMBRE DE PERSONA
Nombre de persona Lomana, Gloria.
9 (RLIN) 73165
245 13 - MENCIÓN DEL TÍTULO
Título El Ciclón socialista, 1982-1986
Resto del título : primera legislatura socialista /
Mención de responsabilidad, etc. Gloria Lomana ; [prólogo de Francisco Bustelo].
250 ## - MENCION DE EDICION
Mención de edición 1a ed.
260 ## - PUBLICACIÓN, DISTRIBUCIÓN, ETC.
Lugar de publicación, distribución, etc. Esplugues de Llobregat Barcelona :
Nombre del editor, distribuidor, etc. Plaza & Janés,
Fecha de publicación, distribución, etc. 1987.
300 ## - DESCRIPCIÓN FÍSICA
Extensión 296 p., 3 h. ;
Dimensiones 22 cm.
490 1# - MENCIÓN DE SERIE
Mención de serie Epoca. Política española
500 ## - NOTA GENERAL
Nota general Indices.
610 2# - PUNTO DE ACCESO ADICIONAL DE MATERIA--NOMBRE DE ENTIDAD CORPORATIVA
Nombre de entidad corporativa o nombre de jurisdicción como elemento de entrada Partido Socialista Obrero Español.
9 (RLIN) 6155
651 #4 - PUNTO DE ACCESO ADICIONAL DE MATERIA--NOMBRE GEOGRÁFICO
Nombre geográfico España-
Subdivisión general Política y gobierno-
Subdivisión cronológica 1982-1996.
9 (RLIN) 8449
700 1# - ENTRADA AGREGADA--NOMBRE PERSONAL
Nombre de persona Bustelo, Francisco,
Término indicativo de función/relación
9 (RLIN) 32891
830 0# - PUNTO DE ACCESO ADICIONAL DE SERIE-TÍTULO UNIFORME
Título uniforme Epoca. Política española
9 (RLIN) 179911
852 ## - LOCALIZACIÓN
Ubicación ES-MaACL
Número de control de estantería L-12203
Sublocalización o colección R.115204
Nota libre . - Rust.
Holdings
Estatus retirado Estado de pérdida Estado de daño No para préstamo Biblioteca de origen Biblioteca actual Ubicación en estantería Fecha de adquisición Fuente de adquisición Total de préstamos Signatura topográfica completa Código de barras Visto por última vez Precio de reemplazo Tipo de ítem Koha
        Biblioteca del Ateneo de Madrid Biblioteca del Ateneo de Madrid Depósito 2 17/01/2008     L-12203 1005569 23/02/2023 23/02/2023 Libro impreso